01528nam a2200265 a 450000500170000000800410001702000180005805000240007610000160010024500870011626000600020330000390026350001780030252004870048065000200096765000210098765000230100865000230103165000200105465000110107465000120108594200170109799900170111495201310113120140310183407.0121015s19uu xx 00 eng d a9781845334567 aQH 45.2 b.N37 2009 aBass, Karen aNature's great events /cgeneral editor, Karen Bass ; introduction by Brian Leith. aChicago ; London :bUniversity of Chicago Press,c2009. a320 p. bcol. ill. maps ; c29 cm. a"First published in Great Britain on 2009 by Mitchell Beazley"-- t.p. verso. Companion book to the television series. Includes bibliographical references (p. 315) and index. aIn this companion book to the television series, six of the most spectacular natural phenomena on our planet are explored--the flooding of the Okavango Delta in Botswana; the melting of 10 million square kilometers of ice in the Arctic; the migration of the Serengeti; the great salmon run in British Columbia; the explosion of sea life in Alaska's coastal waters; and perhaps the greatest marine spectacle on the planet, the annual tide of sardines along South Africa's east coast. aNatural history aAnimal migration aBiological rhythms aAnimal populations aAnimal behavior aCycles aSeasons cBK2lcckFOR c22422d22422 00102lcc40aCLbCLcGCd2012-10-15eDONATIONl1oQH 45.2 .N37 2009pC16394r2018-05-15 00:00:00s2018-03-12w2014-03-10yBK